Fundamentos de Roentgenología / (Record no. 78248)

MARC details
000 -LEADER
campo de control de longitud fija 01018nam a2200253 i 4500
001 - NÚMERO DE CONTROL
campo de control 78248
003 - IDENTIFICADOR DE NÚMERO DE CONTROL
campo de control ES-MaACL
005 - FECHA Y HORA DE LA ÚLTIMA TRANSACCIÓN
campo de control 20250901090024.0
007 - CAMPO FIJO DE DESCRIPCIÓN FÍSICA--INFORMACIÓN GENERAL
campo de control de longitud fija t|
008 - DATOS DE LONGITUD FIJA--INFORMACIÓN GENERAL
campo de control de longitud fija 041013s1955 sp a |||| | spa d
100 1# - ENTRADA PRINCIPAL--NOMBRE DE PERSONA
Nombre de persona Haenisch, G. F.
9 (RLIN) 61425
245 10 - MENCIÓN DEL TÍTULO
Título Fundamentos de Roentgenología /
Mención de responsabilidad, etc. G.F. Haenisch, O.O.H. Holthusen ; con un capítulo de técnica física por A. Liechti ; revisado y completado por W. Feh. ; traducido de la 5ª ed. alemana, ampliada con figuras por N. Lloret Barler [y] José Mª Masriera y Sagalés.
260 ## - PUBLICACIÓN, DISTRIBUCIÓN, ETC.
Lugar de publicación, distribución, etc. Barcelona :
Nombre del editor, distribuidor, etc. Científico-Médica,
Fecha de publicación, distribución, etc. 1955 (
Fabricante Imp. Escuela de la Casa Provincial de Caridad)
300 ## - DESCRIPCIÓN FÍSICA
Extensión XI, 564 p. :
Otras características físicas il. ;
Dimensiones 27 cm.
650 #4 - PUNTO DE ACCESO ADICIONAL DE MATERIA--TÉRMINO DE MATERIA
Término de materia o nombre geográfico como elemento de entrada Rayos X.
9 (RLIN) 136804
650 #7 - PUNTO DE ACCESO ADICIONAL DE MATERIA--TÉRMINO DE MATERIA
Término de materia o nombre geográfico como elemento de entrada Radiología
Fuente del encabezamiento o término embne
9 (RLIN) 140316
700 1# - ENTRADA AGREGADA--NOMBRE PERSONAL
Nombre de persona Holthusen, O. O. H.
9 (RLIN) 64087
700 1# - ENTRADA AGREGADA--NOMBRE PERSONAL
Nombre de persona Liechti, A.
9 (RLIN) 72238
700 1# - ENTRADA AGREGADA--NOMBRE PERSONAL
Nombre de persona Fehr, W.
9 (RLIN) 49092
700 1# - ENTRADA AGREGADA--NOMBRE PERSONAL
Nombre de persona Lloret Barber, N.
9 (RLIN) 72921
700 1# - ENTRADA AGREGADA--NOMBRE PERSONAL
Nombre de persona Masriera y Sagalés, José María.
9 (RLIN) 78779
852 ## - LOCALIZACIÓN
Ubicación ES-MaACL
Número de control de estantería C-9440
Holdings
Estatus retirado Estado de pérdida Estado de daño No para préstamo Biblioteca de origen Biblioteca actual Ubicación en estantería Fecha de adquisición Fuente de adquisición Total de préstamos Signatura topográfica completa Código de barras Visto por última vez Precio de reemplazo Tipo de ítem Koha
        Biblioteca del Ateneo de Madrid Biblioteca del Ateneo de Madrid Sala Palomar 17/01/2008     C-9440 1081853 23/02/2023 23/02/2023 Libro impreso